000 00334nam a2200133Ia 4500
008 240624s9999 xx 000 0 und d
041 _aeng
082 _a005.117 JAL
100 _aJALLOUL GHINWA
245 _aUML BY EXAMPLE
260 _c2004
_aCambridge University Press,2004
300 _axxv, : 249 : p. : cm. ; 25
365 _c
_b30
999 _c9670
_d9670